Nevada Counties by Population - Statistics

General Stats
  • This quiz has been taken 50 times
  • The average score is 12 of 16
Answer Stats
Population County % Correct
2,292,476 Clark
100%
493,392 Washoe
94%
53,915 Elko
87%
743 Esmeralda
77%
53,450 Nye
77%
1,903 Eureka
74%
9,182 White Pine
74%
49,870 Douglas
71%
4,525 Lincoln
71%
25,723 Churchill
68%
17,648 Humboldt
68%
60,903 Lyon
68%
4,586 Mineral
68%
4,143 Storey
68%
5,734 Lander
65%
6,741 Pershing
65%
No matching quizzes found
Score Distribution
Percent of People with Each Score
Percentile by Number Answered
Your Score History
You have not taken this quiz